[Event "Bled ol (Men)"]
[Site "?"]
[Date "2002.11.05"]
[Round "10"]
[White "Ponomariov Ruslan"]
[Black "Krasenkow Michal"]
[Result "1-0"]
[WhiteElo "2743"]
[BlackElo "2651"]
[PlyCount "139"]
[EventDate "2002.??.??"]
[Source "www.chesslib.no"]
[SourceDate "2004.05.04"]

1. e4 e5 2. Nf3 Nc6 3. Bb5 a6 4. Ba4 Nf6 5. O-O Nxe4 6. d4 b5 7. Bb3 d5 8. dxe5 Be6 9. Nbd2 Be7 10. c3 Nc5 11. Bc2 Bg4 12. Re1 O-O 13. Nf1 d4 14. h3 Bh5 15. Ng3 Bxf3 16. Qxf3 d3 17. b4 dxc2 18. bxc5 Qd7 19. Nf5 Qe6 20. Nd4 Nxd4 21. cxd4 Rfd8 22. Bb2 a5 23. Qc3 a4 24. a3 Qb3 25. Rac1 b4 26. axb4 Rab8 27. Rxc2 Rxb4 28. Qxb3 Rxb3 29. Ra1 a3 30. Rxa3 Rxa3 31. Bxa3 Rxd4 32. Rb2 h5 33. Rb8+ Kh7 34. Rc8 Ra4 35. Rxc7 Bg5 36. Bb2 Rb4 37. Bc3 Rc4 38. e6 fxe6 39. Be5 Bf4 40. Bxf4 Rxf4 41. Kf1 Kg6 42. Ke2 Rc4 43. Kd3 Rc1 44. Kd4 Kf6 45. Rc8 Ke7 46. Rg8 Kf7 47. Rh8 g6 48. g4 hxg4 49. hxg4 g5 50. Rh3 Ke7 51. Rc3 Rd1+ 52. Ke3 Re1+ 53. Kd2 Re4 54. f3 Rf4 55. Ke3 Kd7 56. Rd3+ Kc7 57. Rd4 Rf6 58. Ke4 Kc6 59. Ke5 Rxf3 60. Kxe6 Rf4 61. Ke5 Rf8 62. Rd6+ Kxc5 63. Rg6 Re8+ 64. Kf5 Kd4 65. Kxg5 Ke4 66. Kh5 Kf4 67. Rf6+ Kg3 68. g5 Rh8+ 69. Rh6 Ra8 70. Rh7 1-0

[Event "Antwerpen"]
[Site "?"]
[Date "1997.??.??"]
[Round "?"]
[White "Topalov, V."]
[Black "Sokolov, I."]
[Result "1/2-1/2"]
[WhiteElo "2745"]
[BlackElo "2635"]
[PlyCount "71"]
[EventDate "1997.??.??"]
[Source "ChessBase"]
[SourceDate "1997.06.01"]

1. e4 e5 2. Nf3 Nc6 3. Bb5 a6 4. Ba4 Nf6 5. O-O Nxe4 6. d4 b5 7. Bb3 d5 8. dxe5 Be6 9. Nbd2 Nc5 10. c3 Be7 11. Bc2 Bg4 12. Re1 O-O 13. Nb3 Re8 14. Nxc5 Bxc5 15. Bf4 Qd7 16. h3 Bxf3 17. Qxf3 Nd8 18. Rad1 c6 19. h4 Ne6 20. Bc1 Rf8 21. Qg4 f5 22. exf6 Rxf6 23. Be3 Raf8 24. Bxc5 Nxc5 25. Qxd7 Nxd7 26. Rd2 Nc5 27. Rde2 a5 28. g3 Rf3 29. Rd1 a4 30. a3 Nb7 31. h5 Nd6 32. Bb1 R8f6 33. Kg2 Rf8 34. Rf1 Nc4 35. Rfe1 Nd6 36. Kg1 1/2-1/2

[Event "Wijk aan Zee"]
[Site "?"]
[Date "2000.??.??"]
[Round "?"]
[White "Leko, P."]
[Black "Piket, Je"]
[Result "1/2-1/2"]
[WhiteElo "2725"]
[BlackElo "2640"]
[PlyCount "91"]
[EventDate "2000.??.??"]
[Source "Chess Informant"]
[SourceDate "1999.10.01"]

1. e4 e5 2. Nf3 Nc6 3. Bb5 a6 4. Ba4 Nf6 5. O-O Nxe4 6. d4 b5 7. Bb3 d5 8. dxe5 Be6 9. Nbd2 Nc5 10. c3 Be7 11. Bc2 Bg4 12. Re1 Qd7 13. Nb3 Ne6 14. h3 Bh5 15. Bf5 Bg6 16. Bg4 h5 17. Bxe6 fxe6 18. Be3 O-O 19. Nc5 Bxc5 20. Bxc5 Rf4 21. Nd4 Re4 22. Nxc6 Qxc6 23. Rxe4 dxe4 24. Qd4 Re8 25. Rd1 Qd5 26. Qxd5 exd5 27. Rxd5 Bf7 28. e6 Rxe6 29. b3 e3 30. Rd8+ Re8 31. Rxe8+ Bxe8 32. Bxe3 Bg6 33. Kh2 Bb1 34. a3 Kf7 35. Kg3 Ke6 36. Kh4 g6 37. Kg5 c6 38. g4 hxg4 39. hxg4 Bc2 40. f4 Bb1 41. b4 Bd3 42. Kh6 Kf7 43. f5 gxf5 44. g5 f4 45. Bxf4 Bg6 46. Be5 1/2-1/2

[Event "Corus"]
[Site "Wijk aan Zee"]
[Date "2002.01.15"]
[Round "3"]
[White "Grischuk, Alexander"]
[Black "Piket, Jeroen"]
[Result "1-0"]
[WhiteElo "2671"]
[BlackElo "2659"]
[PlyCount "105"]
[EventDate "2002.01.12"]
[Source "ChessBase"]
[SourceDate "2002.03.21"]

1. e4 e5 2. Nf3 Nc6 3. Bb5 a6 4. Ba4 Nf6 5. O-O Nxe4 6. d4 b5 7. Bb3 d5 8. dxe5 Be6 9. Nbd2 Nc5 10. c3 Bg4 11. Bc2 Ne6 12. Re1 Bc5 13. Nf1 Ne7 14. Ng3 h5 15. h3 h4 16. Nf1 Bh5 17. a4 d4 18. Be4 c6 19. Qc2 Bxf3 20. Bxf3 Bb6 21. Nd2 O-O 22. Be4 Nc5 23. cxd4 Qxd4 24. Nf3 Qc4 25. Qxc4 bxc4 26. Bg5 Nd5 27. Rac1 c3 28. bxc3 Nxa4 29. c4 Nb4 30. Be7 Nc5 31. Rb1 a5 32. Bxf8 Rxf8 33. Re2 Nxe4 34. Rxe4 Bc5 35. Nd2 a4 36. Re2 a3 37. Ne4 Be7 38. c5 a2 39. Ra1 Rd8 40. Nd6 Ra8 41. Rb2 Ra4 42. Kf1 g6 43. Ke2 Kg7 44. Ne4 Nd5 45. f3 Nf4+ 46. Kf1 Rc4 47. Rbxa2 Bxc5 48. Ra4 Bd4 49. Rxc4 Bxa1 50. Nc3 Nd5 51. Nxd5 cxd5 52. Rxh4 Bxe5 53. Ra4 1-0

[Event "It (Men) Sarajevo BIH"]
[Site "?"]
[Date "2005.05.22"]
[Round "4"]
[White "Timofeev Artyom"]
[Black "Sokolov Ivan"]
[Result "1/2-1/2"]
[WhiteElo "2622"]
[BlackElo "2662"]
[PlyCount "141"]
[EventDate "2005.??.??"]
[Source "www.chesslib.no"]
[SourceDate "2004.05.04"]

1. e4 e5 2. Nf3 Nc6 3. Bb5 a6 4. Ba4 Nf6 5. O-O Nxe4 6. d4 b5 7. Bb3 d5 8. dxe5 Be6 9. Nbd2 Nc5 10. c3 Bg4 11. Bc2 Ne6 12. Re1 Bc5 13. Nf1 Bh5 14. Ng3 Bg6 15. Bb3 Ne7 16. h4 h6 17. h5 Bh7 18. Nd4 O-O 19. Qg4 Kh8 20. Be3 Bxd4 21. cxd4 Qd7 22. Rac1 Rad8 23. f4 f5 24. Qf3 a5 25. Ne2 Ra8 26. Bf2 a4 27. Bc2 Nc8 28. Qc3 Qe8 29. Qf3 Nb6 30. Bd3 c6 31. Rc2 Nc4 32. Nc1 Bg8 33. Be2 Qe7 34. Nd3 Bf7 35. Nc5 Nxc5 36. dxc5 Be6 37. Bd4 Qd7 38. Bd3 Na5 39. Rf2 Nb7 40. g4 fxg4 41. Qe3 Rf5 42. Bxf5 Bxf5 43. e6 Qe7 44. Qe5 Rf8 45. Kg2 b4 46. Kg3 Kh7 47. Re3 Kh8 48. Rh2 Nxc5 49. Bxc5 Qxc5 50. e7 Re8 51. Rhe2 Bh7 52. f5 Qc1 53. f6 Qg1+ 54. Rg2 Qf1 55. Rf2 Qg1+ 56. Rg2 Qf1 57. fxg7+ Kg8 58. Qf4 Qxf4+ 59. Kxf4 Be4 60. Rxg4 Rxe7 61. Re1 c5 62. a3 b3 63. Rg3 c4 64. Re2 Rc7 65. Ke5 Rf7 66. Kd4 Rf5 67. Rh2 Rf4 68. Ke5 Rf1 69. Kd4 Rf4 70. Ke5 Rf1 71. Kd4 1/2-1/2

[Event "Corsica Masters op 6th"]
[Site "?"]
[Date "2002.10.31"]
[Round "9"]
[White "Anand Viswanathan"]
[Black "Mikhalevski Victor"]
[Result "1/2-1/2"]
[WhiteElo "2755"]
[BlackElo "2524"]
[PlyCount "64"]
[EventDate "2002.??.??"]
[Source "www.chesslib.no"]
[SourceDate "2004.05.04"]

1. e4 e5 2. Nf3 Nc6 3. Bb5 a6 4. Ba4 Nf6 5. O-O Nxe4 6. d4 b5 7. Bb3 d5 8. dxe5 Be6 9. Nbd2 Nc5 10. c3 Be7 11. Bc2 Bg4 12. Re1 O-O 13. Nf1 d4 14. h3 Bh5 15. Ng3 Bxf3 16. Qxf3 d3 17. b4 dxc2 18. bxc5 Qd7 19. Bf4 Bxc5 20. Rac1 Qe6 21. Rxc2 Rad8 22. Nh5 Be7 23. Rce2 h6 24. Bc1 Bg5 25. Bxg5 hxg5 26. Nf6+ gxf6 27. exf6 Qd5 28. Re4 Rd6 29. Qh5 Rxf6 30. Rh4 Rh6 31. Qxh6 gxh4 32. Qxh4 Qf5 1/2-1/2

[Event "KNSB TCh-NED 2007-8"]
[Site "Netherlands NED"]
[Date "2008.02.09"]
[Round "6"]
[White "Van den Doel, E."]
[Black "Sokolov, Iv NED"]
[Result "0-1"]
[WhiteElo "2593"]
[BlackElo "2686"]
[PlyCount "70"]
[EventDate "2008.02.09"]
[Source "www.chesslib.no"]
[SourceDate "2004.05.04"]

1. e4 e5 2. Nf3 Nc6 3. Bb5 a6 4. Ba4 Nf6 5. O-O Nxe4 6. d4 b5 7. Bb3 d5 8. dxe5 Be6 9. Nbd2 Nc5 10. c3 Bg4 11. Bc2 Ne6 12. Re1 Bc5 13. Nf1 Bh5 14. Ng3 Bg6 15. h4 d4 16. Ng5 Bxc2 17. Qxc2 d3 18. Qd1 Qd5 19. Nh5 O-O-O 20. Nf4 Nxf4 21. Bxf4 Rhe8 22. Qg4+ Kb7 23. Nf3 f6 24. exf6 gxf6 25. Qg7 Rd7 26. Qxf6 Rf8 27. Qg5 Rf5 28. Qg3 Rdf7 29. Be3 Bd6 30. Qh3 Rxf3 31. gxf3 Ne5 32. Kh1 Rxf3 33. Qg2 Rh3+ 34. Kg1 Nf3+ 35. Kf1 Rh2 0-1

[Event "Groningen (m/1) 71/357"]
[Site "?"]
[Date "1997.??.??"]
[Round "?"]
[White "Svidler, Peter"]
[Black "Adianto, Utut"]
[Result "1-0"]
[WhiteElo "2660"]
[BlackElo "2610"]
[PlyCount "87"]
[EventDate "1997.??.??"]
[Source "ChessBase"]
[SourceDate "1997.10.01"]

1. e4 e5 2. Nf3 Nc6 3. Bb5 a6 4. Ba4 Nf6 5. O-O Nxe4 6. d4 b5 7. Bb3 d5 8. dxe5 Be6 9. Nbd2 Nc5 10. c3 Be7 11. Bc2 Bg4 12. Re1 O-O 13. Nf1 Re8 14. h3 Bh5 15. Ng3 Bg6 16. Nf5 Ne4 17. Nxe7+ Rxe7 18. Bf4 Qd7 19. Nh4 Nc5 20. Nxg6 hxg6 21. Be3 Ne6 22. f4 d4 23. Be4 Rd8 24. Bf2 Ree8 25. Qg4 Ne7 26. Rad1 c5 27. h4 Nd5 28. f5 gxf5 29. Qxf5 Nf8 30. Qf3 Qe6 31. cxd4 cxd4 32. Bxd4 Ne7 33. a3 Rd7 34. Bc3 Red8 35. Rxd7 Rxd7 36. h5 Nh7 37. Qg3 Qb6+ 38. Kh2 Qh6 39. Qg4 Nf8 40. Rf1 Ne6 41. Rf6 Qe3 42. h6 Ng5 43. e6 fxe6 44. Qxg5 1-0

[Event "Open Aeroflot"]
[Site "Mosca RUS"]
[Date "2007.02.16"]
[Round "3"]
[White "Timofeev, Arty"]
[Black "Jussupow, Ar"]
[Result "1/2-1/2"]
[WhiteElo "2663"]
[BlackElo "2599"]
[PlyCount "97"]
[EventDate "2007.02.14"]
[Source "www.chesslib.no"]
[SourceDate "2004.05.04"]

1. e4 e5 2. Nf3 Nc6 3. Bb5 a6 4. Ba4 Nf6 5. O-O Nxe4 6. d4 b5 7. Bb3 d5 8. dxe5 Be6 9. Nbd2 Nc5 10. c3 Bg4 11. Bc2 Qd7 12. Re1 Be7 13. Nf1 Rd8 14. Ne3 Bh5 15. b4 Ne6 16. g4 Bg6 17. Nf5 h6 18. a4 O-O 19. axb5 axb5 20. Bd3 Rb8 21. Ra6 Rfe8 22. Qe2 Ncd8 23. Be3 c6 24. h4 h5 25. Nh2 d4 26. cxd4 Bxb4 27. Rd1 Nc7 28. Ra7 Rb7 29. Rxb7 Nxb7 30. Qf3 hxg4 31. Qxg4 Ne6 32. Nxg7 Kxg7 33. h5 Nec5 34. hxg6 Qxg4+ 35. Nxg4 Nxd3 36. gxf7 Kxf7 37. Rxd3 Rg8 38. f3 Ke6 39. Kf2 Na5 40. Rd1 Nc4 41. Rh1 Be7 42. Rh6+ Kd5 43. Rh7 Re8 44. f4 Ke4 45. Ke2 Nxe3 46. Nxe3 Ra8 47. Rxe7 Ra2+ 48. Kd1 Kxe3 49. e6 1/2-1/2

[Event "EU-chT (Men)"]
[Site "Pula"]
[Date "1997.??.??"]
[Round "2"]
[White "Svidler, Peter"]
[Black "Sokolov, Ivan"]
[Result "1-0"]
[WhiteElo "2640"]
[BlackElo "2615"]
[PlyCount "145"]
[EventDate "1997.05.05"]
[Source "ChessBase"]

1. e4 e5 2. Nf3 Nc6 3. Bb5 a6 4. Ba4 Nf6 5. O-O Nxe4 6. d4 b5 7. Bb3 d5 8. dxe5 Be6 9. Nbd2 Nc5 10. c3 Bg4 11. Bc2 Be7 12. Re1 O-O 13. Nf1 Bh5 14. Ng3 Bg6 15. Be3 Qd7 16. Bxg6 hxg6 17. Qc2 Ne6 18. b4 a5 19. a3 Rfb8 20. Rad1 axb4 21. axb4 Ncd8 22. h4 Qc6 23. Qb3 Qc4 24. Qxc4 dxc4 25. Ne4 Kf8 26. g3 Ra3 27. Kg2 Ke8 28. Rh1 Nf8 29. Nd4 Nd7 30. h5 Nxe5 31. Bf4 Nd3 32. hxg6 Nxf4+ 33. gxf4 fxg6 34. Rh8+ Kf7 35. Nf3 Nc6 36. Nfg5+ Bxg5 37. Nxg5+ Ke7 38. Rh3 Rd8 39. Re3+ Kf6 40. Re6+ Kf5 41. Rxd8 Nxd8 42. Re8 Kxf4 43. Nh3+ Kf5 44. Rxd8 Rxc3 45. Rd5+ Ke4 46. Rxb5 Rb3 47. Rc5 Rxb4 48. Rxc7 Ra4 49. Ng5+ Kd3 50. Ne6 Kc2 51. Nc5 Ra3 52. Ne4 c3 53. Kf3 Kd3 54. Rd7+ Kc2 55. Ke2 Kc1 56. Nc5 Ra2+ 57. Ke3 Ra8 58. Nd3+ Kc2 59. Ne1+ Kc1 60. Kd3 Rc8 61. Rxg7 Kd1 62. Nc2 Rd8+ 63. Kxc3 Rc8+ 64. Kd3 Rxc2 65. Rxg6 Rd2+ 66. Ke3 Re2+ 67. Kf3 Re8 68. Kg4 Ke2 69. f4 Kf2 70. f5 Re4+ 71. Kg5 Kf3 72. f6 Re5+ 73. Kh6 1-0

[Event "Groningen"]
[Site "?"]
[Date "1996.??.??"]
[Round "?"]
[White "Timman, J."]
[Black "Korchnoi, V."]
[Result "1/2-1/2"]
[WhiteElo "2590"]
[BlackElo "2635"]
[PlyCount "88"]
[EventDate "1996.??.??"]
[Source "ChessBase"]
[SourceDate "1996.10.01"]

1. e4 e5 2. Nf3 Nc6 3. Bb5 Nf6 4. O-O Nxe4 5. d4 a6 6. Ba4 b5 7. Bb3 d5 8. dxe5 Be6 9. Nbd2 Nc5 10. c3 Be7 11. Bc2 Bg4 12. Re1 O-O 13. Nf1 d4 14. h3 Bh5 15. Ng3 Bxf3 16. Qxf3 d3 17. b4 dxc2 18. bxc5 Qd7 19. Nf5 Nxe5 20. Rxe5 Qd1+ 21. Kh2 Bf6 22. Re3 Rad8 23. a3 a5 24. Qe4 h5 25. Nd4 Rxd4 26. cxd4 Bxd4 27. Ra2 Qxc1 28. Rxc2 Qb1 29. Ree2 Bf6 30. Rcd2 Qc1 31. Qe3 b4 32. axb4 axb4 33. Rd5 Qc4 34. Qd3 Qxd3 35. Rxd3 Rb8 36. Rb3 Rb5 37. c6 Rb6 38. Re4 Bc3 39. Rc4 Kf8 40. Rb1 Ke7 41. f4 Ke6 42. Rd1 f5 43. g4 g6 44. Kg3 Ra6 1/2-1/2

[Event "Memorial Xose Enrique Rodriguez Pena"]
[Site "Ourense SPA"]
[Date "2007.06.10"]
[Round "4"]
[White "Guliyev, N."]
[Black "Graf, A."]
[Result "0-1"]
[WhiteElo "2590"]
[BlackElo "2620"]
[PlyCount "108"]
[EventDate "2007.06.07"]
[Source "www.chesslib.no"]
[SourceDate "2004.05.04"]

1. e4 e5 2. Nf3 Nc6 3. Bb5 a6 4. Ba4 Nf6 5. O-O Nxe4 6. d4 b5 7. Bb3 d5 8. dxe5 Be6 9. Nbd2 Nc5 10. c3 Be7 11. Bc2 Bg4 12. Re1 O-O 13. h3 Bh5 14. Nf1 Re8 15. g4 Bg6 16. Bxg6 hxg6 17. Ne3 Qd7 18. b4 Ne6 19. Nxd5 Rad8 20. Nxe7+ Nxe7 21. Qxd7 Rxd7 22. Be3 Rd3 23. Nd4 Rxc3 24. Nxe6 fxe6 25. Rec1 Nd5 26. Rxc3 Nxc3 27. Bd2 Nd5 28. Rc1 Kf7 29. Kg2 Ke7 30. Kg3 Kd7 31. f4 Rh8 32. Re1 Nb6 33. Re4 Nc4 34. Rd4+ Ke7 35. Be1 Ne3 36. Rd3 Nd5 37. Ra3 Ra8 38. Kh4 Kf7 39. Kg5 Rh8 40. Rxa6 Rxh3 41. Ra5 Rh1 42. Bf2 Nc3 43. f5 Ne4+ 44. Kf4 Nxf2 45. Rxb5 Rc1 46. Kf3 Nd3 47. Ke4 Nf2+ 48. Kf3 Nd3 49. Ke4 Nb2 50. fxe6+ Kxe6 51. Rc5 Rxc5 52. bxc5 Nc4 53. a4 g5 54. Kd3 Nxe5+ 0-1

[Event "SUI-GER"]
[Site "Zurich"]
[Date "2002.09.08"]
[Round "2"]
[White "Naiditsch, Arkadij"]
[Black "Kortschnoj, Viktor"]
[Result "0-1"]
[WhiteElo "2581"]
[BlackElo "2626"]
[PlyCount "62"]
[EventDate "2002.09.07"]
[Source "ChessBase"]
[SourceDate "2002.11.12"]

1. e4 e5 2. Nf3 Nc6 3. Bb5 Nf6 4. O-O Nxe4 5. d4 a6 6. Ba4 b5 7. Bb3 d5 8. dxe5 Be6 9. Nbd2 Nc5 10. c3 Bg4 11. Bc2 Be7 12. Re1 O-O 13. Nb3 Ne6 14. Nbd4 Ncxd4 15. cxd4 g6 16. Be3 f5 17. Qd3 f4 18. Bd2 c5 19. Bd1 c4 20. Qc3 b4 21. Qc1 Bxf3 22. Bxf3 Nxd4 23. Bxf4 Nxf3+ 24. gxf3 Rc8 25. e6 d4 26. Be5 Rf5 27. Qd2 d3 28. Rad1 c3 29. bxc3 Rxe5 30. Rxe5 bxc3 31. Qf4 c2 0-1

[Event "Ohrid 82/309"]
[Site "?"]
[Date "2001.??.??"]
[Round "?"]
[White "Short, N."]
[Black "Mikhalevski, V."]
[Result "1-0"]
[WhiteElo "2676"]
[BlackElo "2523"]
[PlyCount "87"]
[EventDate "2001.??.??"]
[Source "Chess Informant"]
[SourceDate "2001.06.01"]

1. e4 e5 2. Nf3 Nc6 3. Bb5 a6 4. Ba4 Nf6 5. O-O Nxe4 6. d4 b5 7. Bb3 d5 8. dxe5 Be6 9. Nbd2 Nc5 10. c3 Bg4 11. Bc2 Qd7 12. Re1 Rd8 13. Nb3 Be7 14. h3 Bh5 15. Nxc5 Bxc5 16. a4 Ne7 17. axb5 axb5 18. Qe2 Bxf3 19. Qxf3 O-O 20. h4 Qe6 21. Bg5 Rde8 22. b4 Bb6 23. h5 Rb8 24. Bf6 Ng6 25. Rad1 gxf6 26. exf6 Qc6 27. Bb3 Kh8 28. Bxd5 Nh4 29. Bxc6 Nxf3+ 30. Bxf3 c5 31. Rd7 cxb4 32. cxb4 Rbd8 33. Ree7 Kg8 34. Bd5 Rxd7 35. Rxd7 Rd8 36. Bxf7+ Kf8 37. Be6 Rxd7 38. Bxd7 Bd4 39. Bxb5 Bc3 40. Bd3 Bxb4 41. Bxh7 Kf7 42. g3 Kxf6 43. f4 Be1 44. Kg2 1-0

[Event "Mondariz Balneario (zt)"]
[Site "?"]
[Date "2000.??.??"]
[Round "?"]
[White "Emms, J."]
[Black "Piket, Je"]
[Result "1/2-1/2"]
[WhiteElo "2525"]
[BlackElo "2645"]
[PlyCount "49"]
[EventDate "2000.??.??"]
[Source "Chess Informant"]
[SourceDate "2000.06.01"]

1. e4 e5 2. Nf3 Nc6 3. Bb5 a6 4. Ba4 Nf6 5. O-O Nxe4 6. d4 b5 7. Bb3 d5 8. dxe5 Be6 9. Nbd2 Nc5 10. c3 Bg4 11. Bc2 Be7 12. Re1 Qd7 13. Nf1 Rd8 14. Ne3 Bh5 15. b4 Ne6 16. Nf5 O-O 17. a4 Rb8 18. axb5 axb5 19. Ra6 Rfe8 20. h3 Bf8 21. g4 Bg6 22. Be3 Ned8 23. Bf4 Ne6 24. Be3 Ned8 25. Bf4 1/2-1/2

[Event "It (Men) Pulvermuehle GER"]
[Site "?"]
[Date "2006.03.02"]
[Round "6"]
[White "Baramidze David"]
[Black "Jussupow Artur"]
[Result "1/2-1/2"]
[WhiteElo "2554"]
[BlackElo "2605"]
[PlyCount "74"]
[EventDate "2006.??.??"]
[Source "www.chesslib.no"]
[SourceDate "2004.05.04"]

1. e4 e5 2. Nf3 Nc6 3. Bb5 a6 4. Ba4 Nf6 5. O-O Nxe4 6. d4 b5 7. Bb3 d5 8. dxe5 Be6 9. Nbd2 Nc5 10. c3 Be7 11. Bc2 Bg4 12. Re1 O-O 13. h3 Bh5 14. Nf1 Re8 15. g4 Bg6 16. Bxg6 hxg6 17. Ne3 Qd7 18. Nxd5 Rad8 19. Nxe7+ Qxe7 20. Qe2 Nd3 21. Rd1 Qd7 22. b3 Qd5 23. Be3 Ncxe5 24. Nxe5 Rxe5 25. Qf1 Rxe3 26. fxe3 c5 27. c4 bxc4 28. Rac1 Qg5 29. Rxc4 Qxe3+ 30. Kh2 Qe5+ 31. Kg2 Nf4+ 32. Rxf4 Rxd1 33. Qxd1 Qxf4 34. Qd8+ Kh7 35. Qh4+ Kg8 36. Qd8+ Kh7 37. Qh4+ Kg8 1/2-1/2

[Event "ISL-ch"]
[Site "Akureyri"]
[Date "1997.09.18"]
[Round "9"]
[White "Stefansson, Hannes"]
[Black "Hjartarson, Johann"]
[Result "1/2-1/2"]
[WhiteElo "2545"]
[BlackElo "2605"]
[PlyCount "51"]
[EventDate "1997.09.09"]
[Source "ChessBase"]
[SourceDate "1997.09.26"]

1. e4 e5 2. Nf3 Nc6 3. Bb5 a6 4. Ba4 Nf6 5. O-O Nxe4 6. d4 b5 7. Bb3 d5 8. dxe5 Be6 9. c3 Be7 10. Nbd2 Nc5 11. Bc2 Bg4 12. Re1 O-O 13. Nf1 Re8 14. Bf4 Bf8 15. Ne3 Bxf3 16. Qxf3 Nxe5 17. Qg3 f6 18. Nf5 g6 19. h4 Qd7 20. Rad1 Nf7 21. Rxe8 Rxe8 22. Bxc7 Ne4 23. Bxe4 Rxe4 24. Ne3 d4 25. Nc2 Re2 26. Rxd4 1/2-1/2

[Event "Beersheba"]
[Site "Beersheba"]
[Date "1988.??.??"]
[Round "?"]
[White "Mestel, A Jonathan"]
[Black "Kortschnoj, Viktor"]
[Result "1/2-1/2"]
[WhiteElo "2510"]
[BlackElo "2640"]
[PlyCount "97"]
[EventDate "1988.02.??"]
[Source "ChessBase"]

1. e4 e5 2. Nf3 Nc6 3. Bb5 a6 4. Ba4 Nf6 5. O-O Nxe4 6. d4 b5 7. Bb3 d5 8. dxe5 Be6 9. Nbd2 Nc5 10. c3 Be7 11. Bc2 Bg4 12. Re1 Qd7 13. Nf1 Rd8 14. Ne3 Bh5 15. Nf5 O-O 16. Nxe7+ Nxe7 17. Be3 Ne4 18. Qd3 Ng6 19. Bc1 Rde8 20. Nd4 Nc5 21. Qg3 Ne4 22. Bxe4 dxe4 23. Rxe4 c5 24. Qg5 Qd5 25. Re1 cxd4 26. Qxh5 d3 27. Bd2 f6 28. Re3 Rxe5 29. Qf3 Qxf3 30. Rxf3 Rd8 31. Be3 Nh4 32. Rh3 Nf5 33. Rd1 h5 34. Kf1 d2 35. Ke2 g5 36. Rf3 g4 37. Rf4 Rde8 38. Rxd2 Nxe3 39. fxe3 Rxe3+ 40. Kf2 Kf7 41. a4 Kg6 42. axb5 axb5 43. Rfd4 f5 44. Rd8 Re2+ 45. Rxe2 Rxd8 46. g3 Kg5 47. Ke3 f4+ 48. gxf4+ Kf5 49. Rd2 1/2-1/2

[Event "Budapest zt-B"]
[Site "Budapest"]
[Date "1993.??.??"]
[Round "5"]
[White "Topalov, Veselin"]
[Black "Marin, Mihail"]
[Result "1/2-1/2"]
[WhiteElo "2635"]
[BlackElo "2515"]
[PlyCount "31"]
[EventDate "1993.03.??"]
[Source "ChessBase"]

1. e4 e5 2. Nf3 Nc6 3. Bb5 a6 4. Ba4 Nf6 5. O-O Nxe4 6. d4 b5 7. Bb3 d5 8. dxe5 Be6 9. Nbd2 Nc5 10. c3 Be7 11. Bc2 Bg4 12. Re1 O-O 13. Nf1 Re8 14. h3 Bh5 15. Ng3 Bg6 16. Bxg6 1/2-1/2

[Event "EU-ch 1st 30'"]
[Site "Neum"]
[Date "2000.10.03"]
[Round "9"]
[White "Brodsky, Michail"]
[Black "Sokolov, Ivan"]
[Result "1/2-1/2"]
[WhiteElo "2532"]
[BlackElo "2611"]
[PlyCount "63"]
[EventDate "2000.10.02"]
[Source "www.chesslib.no"]
[SourceDate "2004.05.04"]

1. e4 e5 2. Nf3 Nc6 3. Bb5 a6 4. Ba4 Nf6 5. O-O Nxe4 6. d4 b5 7. Bb3 d5 8. dxe5 Be6 9. Nbd2 Nc5 10. c3 Bg4 11. Bc2 Qd7 12. Re1 Rd8 13. Nb3 Be7 14. h3 Bh5 15. Nbd4 Nxd4 16. cxd4 Ne6 17. Bf5 O-O 18. Be3 c5 19. dxc5 d4 20. Bxe6 fxe6 21. Qxd4 Qc6 22. Qb4 Bxf3 23. gxf3 Rxf3 24. Qg4 Rdf8 25. b4 R8f5 26. Bh6 g6 27. Qe4 Qxe4 28. Rxe4 Rxf2 29. Rc1 R2f3 30. c6 Rg3+ 31. Kh2 Rff3 32. c7 1/2-1/2

[Event "Serbia-30 jub 82?-85"]
[Site "Serbia-30 jub 82?-85"]
[Date "1982.??.??"]
[Round "?"]
[White "Sanakoev, Grigory Konstant'ch"]
[Black "Oim, Tonu O"]
[Result "1-0"]
[WhiteElo "2590"]
[BlackElo "2550"]
[PlyCount "69"]
[EventDate "1982.??.??"]
[Source "www.chesslib.no"]
[SourceDate "2004.05.04"]

1. e4 e5 2. Nf3 Nc6 3. Bb5 a6 4. Ba4 Nf6 5. O-O Nxe4 6. d4 b5 7. Bb3 d5 8. dxe5 Be6 9. Nbd2 Nc5 10. c3 Be7 11. Bc2 Bg4 12. Re1 d4 13. Nb3 d3 14. Bb1 Nxb3 15. axb3 Bf5 16. Be3 Qd5 17. Bd4 Be4 18. Bxd3 Bxd3 19. Qxd3 Qxb3 20. e6 O-O 21. Bxg7 Kxg7 22. Nd2 Qxb2 23. Reb1 Qxb1+ 24. Rxb1 Bd6 25. c4 bxc4 26. Nxc4 Rad8 27. Qc3+ Kg8 28. Ne3 Nd4 29. Kf1 c5 30. Rb7 Rde8 31. exf7+ Rxf7 32. Rxf7 Kxf7 33. Qd3 Kg7 34. Qxa6 Re6 35. Qb7+ 1-0

[Event "Malaga op 3rd"]
[Site "Malaga"]
[Date "2000.02.29"]
[Round "5"]
[White "Hamdouchi, Hichem"]
[Black "Korneev, Oleg"]
[Result "1/2-1/2"]
[WhiteElo "2513"]
[BlackElo "2619"]
[PlyCount "140"]
[EventDate "2000.02.25"]
[Source "ChessBase"]
[SourceDate "2000.03.10"]

1. e4 e5 2. Nf3 Nc6 3. Bb5 Nf6 4. O-O Nxe4 5. d4 a6 6. Ba4 b5 7. Bb3 d5 8. dxe5 Be6 9. Nbd2 Nc5 10. c3 Be7 11. Bc2 Bg4 12. Re1 Qd7 13. Nf1 Rd8 14. Ne3 Bh5 15. Nf5 O-O 16. Nxe7+ Nxe7 17. Be3 Na4 18. Bc1 h6 19. h3 c5 20. Qd3 Bg6 21. Qd2 Qe6 22. b3 Nb6 23. Ba3 Rc8 24. Bb2 Rfd8 25. Nh4 Be4 26. Rad1 Rd7 27. f4 f5 28. exf6 Qxf6 29. Nf3 Ng6 30. Ne5 Nxe5 31. fxe5 Qxe5 32. Qe2 c4 33. Bxe4 dxe4 34. Rxd7 Nxd7 35. Qg4 Qc5+ 36. Kh1 Nf6 37. Qe6+ Kh7 38. Ba3 Qf2 39. Qxc8 Qxe1+ 40. Kh2 Qf2 41. Bd6 e3 42. Bg3 Qf1 43. Qe6 Qd3 44. Qxa6 e2 45. Qxb5 Qxg3+ 46. Kxg3 e1=Q+ 47. Kh2 cxb3 48. Qxb3 Qe5+ 49. Kg1 Ne4 50. c4 Qc5+ 51. Kh2 Nd6 52. Qd3+ g6 53. a4 Nxc4 54. Qd7+ Kg8 55. Kh1 Qf5 56. Qd8+ Qf8 57. Qd3 Qf7 58. a5 Qe6 59. Qd8+ Kf7 60. Qc7+ Kf6 61. Qf4+ Kg7 62. Qd4+ Kg8 63. Qd8+ Kf7 64. Qc7+ Ke8 65. Qb8+ Kd7 66. Qb7+ Kd6 67. a6 Qe1+ 68. Kh2 Qe5+ 69. Kh1 Qe1+ 70. Kh2 Qe5+ 1/2-1/2

[Event "Udaipur"]
[Site "?"]
[Date "2000.??.??"]
[Round "?"]
[White "Peng, Xiaomin"]
[Black "Sasikiran, K."]
[Result "1-0"]
[WhiteElo "2620"]
[BlackElo "2510"]
[PlyCount "79"]
[EventDate "2000.??.??"]
[Source "Chess Informant"]
[SourceDate "2000.02.01"]

1. e4 e5 2. Nf3 Nc6 3. Bb5 a6 4. Ba4 Nf6 5. O-O Nxe4 6. d4 b5 7. Bb3 d5 8. dxe5 Be6 9. Nbd2 Nc5 10. c3 Bg4 11. Bc2 Qd7 12. Re1 Rd8 13. Nb3 Ne6 14. h3 Bh5 15. Bf5 d4 16. Bg5 Be7 17. Bxe7 Qxe7 18. Be4 Nxe5 19. cxd4 Nxf3+ 20. Bxf3 Bxf3 21. Qxf3 Qd6 22. Nc5 O-O 23. Nb7 Nxd4 24. Qe4 f5 25. Qd3 Qf6 26. Nxd8 Rxd8 27. f4 c5 28. Rad1 h6 29. Kh1 Kh7 30. Qc3 Qd6 31. Re5 c4 32. b3 Qb6 33. Rde1 Rc8 34. Rd5 Ne6 35. Qe5 Rc6 36. Qxf5+ Kg8 37. Rd7 cxb3 38. Re7 Qc5 39. Qf7+ Kh7 40. R1xe6 1-0

[Event "Goodricke 13th op"]
[Site "Calcutta"]
[Date "2002.03.23"]
[Round "7"]
[White "Kotsur, Pavel"]
[Black "Sorokin, Maxim"]
[Result "1/2-1/2"]
[WhiteElo "2578"]
[BlackElo "2551"]
[PlyCount "88"]
[EventDate "2002.03.17"]
[Source "ChessBase"]
[SourceDate "2002.03.21"]

1. e4 e5 2. Nf3 Nc6 3. Bb5 a6 4. Ba4 Nf6 5. O-O Nxe4 6. d4 b5 7. Bb3 d5 8. dxe5 Be6 9. Nbd2 Be7 10. c3 Nc5 11. Bc2 Bg4 12. Re1 O-O 13. Nf1 Re8 14. Ne3 Bxf3 15. Qxf3 Nxe5 16. Qf5 Ned3 17. Ng4 Qc8 18. Bxd3 Nxd3 19. Nh6+ gxh6 20. Qxd3 Bd6 21. Bxh6 Re6 22. Bd2 Qd7 23. g3 c6 24. Qf3 Rae8 25. Qg4+ Kh8 26. Kg2 Bf8 27. a4 Bg7 28. axb5 axb5 29. Be3 R6e7 30. Qxd7 Rxd7 31. Bd4 Rdd8 32. Kf3 b4 33. Re3 bxc3 34. bxc3 Rxe3+ 35. Kxe3 Re8+ 36. Kd3 Bxd4 37. cxd4 Kg7 38. Ra7 Re1 39. Rc7 Rd1+ 40. Ke3 Re1+ 41. Kd2 Rf1 42. Ke2 Rc1 43. h4 h5 44. Kf3 Kg6 1/2-1/2